• 首页
  • 本馆介绍
  • 公告通知
  • 最新文献
  • 馆藏检索
  • 电子资源
  • 读者导购
  • 参考咨询
  • 我的图书馆
  • 登录
  • 详细信息显示
  • 放入我的书架
  • 预约/预借图书
  • 作者相关作品
  • 分类相关作品
  • 丛书相关作品
  • 出版社相关作品

书目信息

  • 表格格式
  • 工作单格式
  • 卡片格式
题名:
植物对非生物胁迫的生理响应机制
    
 
作者: 代惠萍 著
分册:  
出版信息: 成都   西南交通大学出版社  2013.09
页数: 252页
开本: 23cm
丛书名:
单 册:
中图分类: Q945.78
科图分类:
主题词: 植物生理学--研究 , 植物生理学
电子资源:
ISBN: 978-7-5643-2679-1
000 00939nam0 2200265 450
001 0120131201737
005 20140610104534.35
010    @a978-7-5643-2679-1@dCNY35.00
100    @a20131230d2013 em y0chiy0110 ea
101 0  @achi
102    @aCN@b510000
105    @aak z 000yy
106    @ar
200 1  @a植物对非生物胁迫的生理响应机制@9zhi wu dui fei sheng wu xie po de sheng li xiang ying ji zhi@f代惠萍著
210    @a成都@c西南交通大学出版社@d2013.09
215    @a252页@c图@d23cm
300    @a陕西理工学院学术著作出版基金资助出版 陕西省重点学科专项建设经费资助出版
330    @a本书主要内容包括:灰杨植株遗传转化再生体系的建立;灰杨根、茎、皮、叶对镉的积累和耐受性等。
333    @a植物对非生物胁迫的生理响应机制研究相关人员
606 0  @a植物生理学@x研究
606 0  @a植物生理学
690    @aQ945.78@v5
701  0 @a代惠萍@9dai hui ping@4著
801  0 @aCN@b人天书店@c20131230
905    @b846402-04@dQ945.78@e244@f3
    
    植物对非生物胁迫的生理响应机制/代惠萍著.-成都:西南交通大学出版社,2013.09
    252页:图;23cm
    陕西理工学院学术著作出版基金资助出版 陕西省重点学科专项建设经费资助出版.-使用对象:植物对非生物胁迫的生理响应机制研究相关人员
    
    ISBN 978-7-5643-2679-1:CNY35.00
    本书主要内容包括:灰杨植株遗传转化再生体系的建立;灰杨根、茎、皮、叶对镉的积累和耐受性等。
●
相关链接 在E读中查询图书 在五车中查询图书 在当当中查询图书 在豆瓣中查询图书


正题名:植物对非生物胁迫的生理响应机制     索取号:Q945.78/244         预约/预借

序号 登录号 条形码 馆藏地/架位号 状态 备注
1 846402   208464026   第二样本阅览室/ [索取号:Q945.78/244] 在馆    
2 846403   208464035   第三借阅区/ [索取号:Q945.78/244] 在馆    
3 846404   208464044   密集书库-生命科学系/ [索取号:Q945.78/244] 在馆    
唐山师范学院图书馆 欢迎您!
大连网信软件有限公司© 版权所有